00410nam a2200133 a 450000500170000000800410001702000180005805000240007610000450010024500670014526000340021265000150024665000150026120140414093848.0110408s19uu xx 00 eng d a9781906345426 aCDR 370.1bEXA 2010 aInternational Baccalaureate Organization aExamination paper and markscheme pack :bNovember 2010 /cIBO. aUnited Kingdom :bIBO,c2010. aExam paper amarkscheme